000 01176nam a2200289Ia 4500
005 20211105120346.0
008 130821s2011 sp ao gr spa
020 _a9788498921908 (2011)
020 _a8484320421(12a.Ed.)
020 _a8484320421 (2a.Ed.)
040 _aCO-BoUCM
_bspa
_cJose A. Gerena (modificó)
_d[Nuevo]
041 0 0 _aspa
100 1 _aHobsbawm, Eric John Ernest
_d1917-
_965384
245 1 0 _aHistoria del siglo XX
_cEric Hobsbawm ; traducción castellana de Juan Faci, Jordi Ainaud y Carme Castells
_b1914-1991
260 _aBarcelona (España)
_bCrítica
_c2011
300 _a614 páginas
_bilustraciones, fotografías
504 _aIncluye referencias bibliográficas e índices
650 0 7 _aEconomía internacional
_xHistoria
_ySiglo XX
_97543
650 0 7 _aHistoria moderna
_ySiglo XX
_916943
650 0 7 _aSocialismo
_xHistoria
_ySiglo XX
_924700
690 _aHistoria universal
_916951
700 1 _aAinaud, Jordi
_etraductor
_965385
700 1 _aCastells, Carme
_etraductor
_965386
765 1 _tAge of extremes, the short twentieth century 1914-1945
942 _cLIBRO
_a21
_e1
_mH684h
_2DEWEY
_h909.82
999 _c32538
_d32538